000 00720nam a2200217 a 4500
001 000011145
005 20240412074223.0
008 091014s1998 dr 001 0 spa d
020 _a9768156449
040 _aDO-SdBNP
_bspa
_cBNPHU
082 _aRD861.44
_bR457h
100 1 _aReyes-Vásquez, Radhamés,
_d1952-
_926656
245 1 3 _aEl hombre deshabitado /
_cRadhamés Reyes-Vásquez; prólogo José Mármol.
260 _aSanto Domingo :
_bCocolo,
_c1998.
300 _a65 p. ;
_c21 cm.
500 _aIncluye datos biográficos del autor en la solapa de la cubierta
650 0 _aPoesía dominicana
_966
650 0 _aLiteratura dominicana.
_967
700 1 _aMármol, José,
_d1960-
_epról.
_96454
049 _aBNPD
999 _c10870
_d10870